Stress, culture, and community : the psychology and philosophy of stress
Αποθηκεύτηκε σε:
| Κύριος συγγραφέας: | |
|---|---|
| Μορφή: | Βιβλίο |
| Γλώσσα: | English |
| Δημοσίευση: |
New York :
Plenum Press,
c1998
|
| Σειρά: | Plenum series on stress and coping
|
| Θέματα: | |
| Ετικέτες: |
Προσθήκη ετικέτας
Δεν υπάρχουν, Καταχωρήστε ετικέτα πρώτοι!
|
MARC
| LEADER | 00000nam a2200000 i 4500 | ||
|---|---|---|---|
| 001 | 1/72171 | ||
| 008 | 050224s1998 eng d | ||
| 020 | |a 0-3064-8444-7 (pbk) | ||
| 035 | |l 10076743 | ||
| 040 | |a GR-MY-UA |b gre |e aacr | ||
| 041 | 0 | |a eng | |
| 082 | 0 | |a 155.9042 |2 (21) | |
| 100 | 1 | |a Hobfoll, Stevan E. |d 1951- | |
| 245 | 1 | 0 | |a Stress, culture, and community : |b the psychology and philosophy of stress / |c Stevan E. Hobfoll |
| 260 | |a New York : |b Plenum Press, |c c1998 | ||
| 300 | |a xvi, 296 σ.; |c 24 εκ. | ||
| 490 | 1 | |a The plenum series on stress and coping | |
| 504 | |a Περιέχει βιβλιογραφικές παραπομπές, ευρετήριο συγγραφέων και θεμάτων | ||
| 650 | 0 | 0 | |a Stress (Psychology) |
| 650 | 0 | 0 | |a Stress (Psychology) |x Social aspects. |
| 830 | 0 | |a Plenum series on stress and coping | |
| 852 | |a INST |b LESVOS |e 20050224 |h 155.9042 HOΒ |p 005100030204 |q 005100030204 |t BK |y 0 | ||
| 901 | |a BIBL1-2005-1 | ||
| 909 | |a Λ |b 115681 | ||
| 920 | |a ΔΙΕΥΡΥΝΣΗ |b ΕΠΕΑΕΚ/ΤΚ |y ΛΕΣΒΟΣ |z 2004-10 | ||
| 970 | |a ΜΑΡΙΝΑΤΟΥ |b ΜΥΡΣΙΝΗ |z 2005/02/24 | ||